000 00221 a2200097 4500
001 14854
100 _aGasster M
245 _aChina struggle to modernize
260 _aNew York
_bAlfred A Knoff
_c
090 _c11624
_d11624
942 _aNUST-CAE
_cM
_c1808
999 _c249927
_d249927